| 000 | 00825cam a22002775a 4500 | ||
|---|---|---|---|
| 001 | 016658181 | ||
| 003 | OSt | ||
| 005 | 20161012160149.0 | ||
| 008 | 140318t2015 ctua frb 001 0 eng d | ||
| 020 | _a9781305252837 (pbk.) | ||
| 020 | _a1305252837 | ||
| 040 |
_aStDuBDS _beng _cStDuBDS _dEG-ScBUE |
||
| 082 | 0 | 4 |
_a624.171 _bKAS _222 |
| 100 | 1 |
_aKassimali, Aslam. _929078 |
|
| 245 | 1 | 0 |
_aStructural analysis / _cAslam Kassimali. |
| 250 | _a5th ed., International ed. | ||
| 260 |
_aStamford : _bCengage Learning, _cc.2015. |
||
| 300 |
_axvii, 813 p. : _bill. ; _c25 cm. |
||
| 500 | _aPrevious edition: 2009. | ||
| 500 | _aIncludes index. | ||
| 504 | _aIncludes bibliographical references. | ||
| 650 | 0 |
_aStructural analysis (Engineering) _2BUEsh |
|
| 651 | _2BUEsh | ||
| 653 |
_bENGGEN _cOctober2016 |
||
| 942 | _2ddc | ||
| 999 |
_c22549 _d22521 |
||